| Tag |
First Indicator |
Second Indicator |
Subfields |
| LEADER |
00000cam a2200000 i 4500 |
| 001 |
in00003734603 |
| 005 |
20210430152909.0 |
| 006 |
m o d f |
| 007 |
cr m|||||||||| |
| 008 |
160624s2015 vauab ob f000 0 eng c |
| 035 |
|
|
|a (OCoLC)ocn952177041
|
| 042 |
|
|
|a pcc
|
| 043 |
|
|
|a n-us-ks
|
| 040 |
|
|
|a GPO
|b eng
|e rda
|e pn
|c GPO
|d MvI
|
| 049 |
|
|
|a WWW
|
| 074 |
|
|
|a 0624-B-02 (online)
|
| 086 |
0 |
|
|a I 19.42/4-4:2015-5167
|
| 100 |
1 |
|
|a Juracek, Kyle E.,
|e author.
|
| 245 |
1 |
0 |
|a Streamflow characteristics and trends at selected streamgages in southwest and south-central Kansas /
|c by Kyle E. Juracek ; prepared in cooperation with the U.S. Fish and Wildlife Service and the Kansas Department of Wildlife, Parks, and Tourism.
|
| 264 |
|
1 |
|a Reston, Virginia :
|b U.S. Department of the Interior, U.S. Geological Survey,
|c 2015.
|
| 300 |
|
|
|a 1 online resource (vi, 20 pages) :
|b color illustrations, color maps.
|
| 336 |
|
|
|a text
|b txt
|2 rdacontent
|
| 337 |
|
|
|a computer
|b c
|2 rdamedia
|
| 338 |
|
|
|a online resource
|b cr
|2 rdacarrier
|
| 490 |
1 |
|
|a Scientific investigations report ;
|v 2015-5167
|
| 500 |
|
|
|a Title from title screen (viewed June 24, 2016).
|
| 504 |
|
|
|a Includes bibliographical references (pages 19-20).
|
| 650 |
|
0 |
|a Streamflow
|z Kansas.
|
| 650 |
|
0 |
|a Stream measurements
|z Kansas.
|
| 710 |
2 |
|
|a Geological Survey (U.S.),
|e issuing body.
|
| 710 |
2 |
|
|a U.S. Fish and Wildlife Service.
|
| 710 |
1 |
|
|a Kansas.
|b Department of Wildlife, Parks and Tourism.
|
| 830 |
|
0 |
|a Scientific investigations report ;
|v 2015-5167.
|
| 856 |
4 |
0 |
|u https://purl.fdlp.gov/GPO/gpo69294
|t 0
|
| 856 |
4 |
0 |
|u http://purl.fdlp.gov/GPO/gpo69294
|t 0
|
| 999 |
f |
f |
|s a1a2ca61-3f96-335d-a7f0-89f0d4878410
|i 1c5b10eb-4095-3b55-b0ea-e473d4aed67d
|t 0
|
| 952 |
f |
f |
|a Texas A&M University
|b College Station
|c Electronic Resources
|d Available Online
|t 0
|e I 19.42/4-4:2015-5167
|h Superintendent of Documents classification
|
| 998 |
f |
f |
|a I 19.42/4-4:2015-5167
|t 0
|l Available Online
|